00466nam a2200181 a 4500001001300000003000900013005001700022008004100039020000800080082001300088100001500101245002600116260004000142300000900182500003500191505003100226650002700257nice12345678IN_TiNIC20260116011418.0050524s1935 hyda grs 000 0 49g  ac000a180bDEW aDewis, J F aJamhooriya-E-Aflatoon aHyderabadbOsmania Universityc1935 a512p aincludes index and biblioraphy2 a4 Volume Bound in One Book aPhilosophy-Greek-Plato